<?xml version="1.0" encoding="UTF-8"?>
<collection xmlns="http://www.loc.gov/MARC21/slim">
 <record>
  <leader>03545cam a2200673   4500</leader>
  <controlfield tag="001">1818996804</controlfield>
  <controlfield tag="003">DE-627</controlfield>
  <controlfield tag="005">20241108234639.0</controlfield>
  <controlfield tag="007">tu</controlfield>
  <controlfield tag="008">221017s2022    xxu|||||      00| ||eng c</controlfield>
  <datafield tag="020" ind1=" " ind2=" ">
   <subfield code="a">9780691172026</subfield>
   <subfield code="c">hbk. : (£94.00)</subfield>
   <subfield code="9">978-0-691-17202-6</subfield>
  </datafield>
  <datafield tag="020" ind1=" " ind2=" ">
   <subfield code="a">9780691245447</subfield>
   <subfield code="c">pbk. : (£28.00)</subfield>
   <subfield code="9">978-0-691-24544-7</subfield>
  </datafield>
  <datafield tag="035" ind1=" " ind2=" ">
   <subfield code="a">(DE-627)1818996804</subfield>
  </datafield>
  <datafield tag="035" ind1=" " ind2=" ">
   <subfield code="a">(DE-599)KXP1818996804</subfield>
  </datafield>
  <datafield tag="035" ind1=" " ind2=" ">
   <subfield code="a">(OCoLC)1369611186</subfield>
  </datafield>
  <datafield tag="040" ind1=" " ind2=" ">
   <subfield code="a">DE-627</subfield>
   <subfield code="b">ger</subfield>
   <subfield code="c">DE-627</subfield>
   <subfield code="e">rda</subfield>
  </datafield>
  <datafield tag="041" ind1=" " ind2=" ">
   <subfield code="a">eng</subfield>
  </datafield>
  <datafield tag="044" ind1=" " ind2=" ">
   <subfield code="c">XD-US</subfield>
  </datafield>
  <datafield tag="072" ind1=" " ind2="7">
   <subfield code="a">ART043000</subfield>
   <subfield code="2">bisacsh</subfield>
  </datafield>
  <datafield tag="082" ind1="0" ind2=" ">
   <subfield code="a">706.88</subfield>
  </datafield>
  <datafield tag="084" ind1=" " ind2=" ">
   <subfield code="a">MS 8000</subfield>
   <subfield code="q">DE-16-160</subfield>
   <subfield code="2">rvk</subfield>
   <subfield code="0">(DE-625)rvk/123806:</subfield>
  </datafield>
  <datafield tag="084" ind1=" " ind2=" ">
   <subfield code="a">QR 750</subfield>
   <subfield code="q">DE-16-160</subfield>
   <subfield code="2">rvk</subfield>
   <subfield code="0">(DE-625)rvk/142079:</subfield>
  </datafield>
  <datafield tag="084" ind1=" " ind2=" ">
   <subfield code="a">20.10</subfield>
   <subfield code="2">bkl</subfield>
  </datafield>
  <datafield tag="084" ind1=" " ind2=" ">
   <subfield code="a">20.14</subfield>
   <subfield code="2">bkl</subfield>
  </datafield>
  <datafield tag="100" ind1="1" ind2=" ">
   <subfield code="a">Buchholz, Larissa</subfield>
   <subfield code="e">VerfasserIn</subfield>
   <subfield code="0">(DE-588)1278582428</subfield>
   <subfield code="0">(DE-627)1831486660</subfield>
   <subfield code="4">aut</subfield>
  </datafield>
  <datafield tag="245" ind1="1" ind2="4">
   <subfield code="a">The global rules of art</subfield>
   <subfield code="b">the emergence and divisions of a cultural world economy</subfield>
   <subfield code="c">Larissa Buchholz</subfield>
  </datafield>
  <datafield tag="263" ind1=" " ind2=" ">
   <subfield code="a">202211</subfield>
  </datafield>
  <datafield tag="264" ind1=" " ind2="1">
   <subfield code="a">Princeton</subfield>
   <subfield code="a">Oxford</subfield>
   <subfield code="b">Princeton University Press</subfield>
   <subfield code="c">2022</subfield>
  </datafield>
  <datafield tag="300" ind1=" " ind2=" ">
   <subfield code="a">xxi, 387 Seiten</subfield>
   <subfield code="b">Illustrationen, Digramme, Karten</subfield>
   <subfield code="c">24 cm</subfield>
  </datafield>
  <datafield tag="336" ind1=" " ind2=" ">
   <subfield code="a">Text</subfield>
   <subfield code="b">txt</subfield>
   <subfield code="2">rdacontent</subfield>
  </datafield>
  <datafield tag="336" ind1=" " ind2=" ">
   <subfield code="a">unbewegtes Bild</subfield>
   <subfield code="b">sti</subfield>
   <subfield code="2">rdacontent</subfield>
  </datafield>
  <datafield tag="336" ind1=" " ind2=" ">
   <subfield code="a">kartografisches Bild</subfield>
   <subfield code="b">cri</subfield>
   <subfield code="2">rdacontent</subfield>
  </datafield>
  <datafield tag="337" ind1=" " ind2=" ">
   <subfield code="a">ohne Hilfsmittel zu benutzen</subfield>
   <subfield code="b">n</subfield>
   <subfield code="2">rdamedia</subfield>
  </datafield>
  <datafield tag="338" ind1=" " ind2=" ">
   <subfield code="a">Band</subfield>
   <subfield code="b">nc</subfield>
   <subfield code="2">rdacarrier</subfield>
  </datafield>
  <datafield tag="650" ind1=" " ind2="0">
   <subfield code="a">Art</subfield>
   <subfield code="x">Marketing</subfield>
  </datafield>
  <datafield tag="650" ind1=" " ind2="0">
   <subfield code="a">Art, Modern</subfield>
   <subfield code="y">20th century</subfield>
   <subfield code="x">Economic aspects</subfield>
  </datafield>
  <datafield tag="650" ind1=" " ind2="0">
   <subfield code="a">Art, Modern</subfield>
   <subfield code="y">21st century</subfield>
   <subfield code="x">Economic aspects</subfield>
  </datafield>
  <datafield tag="650" ind1=" " ind2="0">
   <subfield code="a">Art and globalization</subfield>
  </datafield>
  <datafield tag="689" ind1="0" ind2="0">
   <subfield code="d">s</subfield>
   <subfield code="0">(DE-588)4114333-4</subfield>
   <subfield code="0">(DE-627)105822957</subfield>
   <subfield code="0">(DE-576)209483733</subfield>
   <subfield code="a">Kunst</subfield>
   <subfield code="2">gnd</subfield>
  </datafield>
  <datafield tag="689" ind1="0" ind2="1">
   <subfield code="d">s</subfield>
   <subfield code="0">(DE-588)4120630-7</subfield>
   <subfield code="0">(DE-627)105775134</subfield>
   <subfield code="0">(DE-576)20953673X</subfield>
   <subfield code="a">Kunstmarkt</subfield>
   <subfield code="2">gnd</subfield>
  </datafield>
  <datafield tag="689" ind1="0" ind2="2">
   <subfield code="d">s</subfield>
   <subfield code="0">(DE-588)4557997-0</subfield>
   <subfield code="0">(DE-627)302297111</subfield>
   <subfield code="0">(DE-576)213686155</subfield>
   <subfield code="a">Globalisierung</subfield>
   <subfield code="2">gnd</subfield>
  </datafield>
  <datafield tag="689" ind1="0" ind2="3">
   <subfield code="a">z</subfield>
   <subfield code="2">gnd</subfield>
   <subfield code="a">Geschichte 1980-2022</subfield>
  </datafield>
  <datafield tag="689" ind1="0" ind2=" ">
   <subfield code="5">(DE-627)</subfield>
  </datafield>
  <datafield tag="776" ind1="1" ind2=" ">
   <subfield code="z">9780691239866</subfield>
   <subfield code="c">ebook</subfield>
  </datafield>
  <datafield tag="776" ind1="0" ind2="8">
   <subfield code="i">Erscheint auch als</subfield>
   <subfield code="n">Online-Ausgabe</subfield>
   <subfield code="a">Buchholz, Larissa</subfield>
   <subfield code="t">The Global Rules of Art</subfield>
   <subfield code="d">Princeton, NJ : Princeton University Press, 2022</subfield>
   <subfield code="h">1 Online-Ressource (416 p.)</subfield>
   <subfield code="w">(DE-627)1822469643</subfield>
   <subfield code="z">9780691239866</subfield>
  </datafield>
  <datafield tag="776" ind1="0" ind2="8">
   <subfield code="i">Erscheint auch als</subfield>
   <subfield code="n">Online-Ausgabe</subfield>
   <subfield code="a">Buchholz, Larissa</subfield>
   <subfield code="t">The global rules of art</subfield>
   <subfield code="d">Princeton : Princeton University Press, 2022</subfield>
   <subfield code="h">1 Online-Ressource (xxi, 387 Seiten)</subfield>
   <subfield code="w">(DE-627)1824333846</subfield>
   <subfield code="z">9780691239866</subfield>
  </datafield>
  <datafield tag="787" ind1="0" ind2="8">
   <subfield code="i">Rezensiert in</subfield>
   <subfield code="a">Zijlmans, Kitty, 1955 - </subfield>
   <subfield code="t">[Rezension von: Larissa Buchholz, The global rules of art, the emergence and divisions of a cultural world economy]</subfield>
   <subfield code="d">2023</subfield>
   <subfield code="w">(DE-627)1866638459</subfield>
  </datafield>
  <datafield tag="856" ind1="4" ind2="2">
   <subfield code="u">http://www.gbv.de/dms/bowker/toc/9780691245447.pdf</subfield>
   <subfield code="v">2022-12-30</subfield>
   <subfield code="x">Aggregator</subfield>
   <subfield code="3">Inhaltsverzeichnis</subfield>
  </datafield>
  <datafield tag="936" ind1="r" ind2="v">
   <subfield code="a">MS 8000</subfield>
   <subfield code="b">Allgemeine Abhandlungen, Künstler etc.</subfield>
   <subfield code="k">Soziologie</subfield>
   <subfield code="k">Spezielle Soziologien</subfield>
   <subfield code="k">Kunstsoziologie</subfield>
   <subfield code="k">Allgemeine Abhandlungen, Künstler etc.</subfield>
   <subfield code="0">(DE-627)1270989200</subfield>
   <subfield code="0">(DE-625)rvk/123806:</subfield>
   <subfield code="0">(DE-576)200989200</subfield>
  </datafield>
  <datafield tag="936" ind1="r" ind2="v">
   <subfield code="a">QR 750</subfield>
   <subfield code="b">Kulturwirtschaft (Film, Theater, etc.)</subfield>
   <subfield code="k">Wirtschaftswissenschaften</subfield>
   <subfield code="k">Gewerbepolitik. Einzelne Wirtschaftszweige</subfield>
   <subfield code="k">Industrie, Bergbau, Handel, Dienstleistungen, Handwerk</subfield>
   <subfield code="k">Post, Informationsgewerbe (Massenmedien), Neue Medien</subfield>
   <subfield code="k">Kulturwirtschaft (Film, Theater, etc.)</subfield>
   <subfield code="0">(DE-627)1270901346</subfield>
   <subfield code="0">(DE-625)rvk/142079:</subfield>
   <subfield code="0">(DE-576)200901346</subfield>
  </datafield>
  <datafield tag="936" ind1="b" ind2="k">
   <subfield code="a">20.10</subfield>
   <subfield code="j">Kunst und Gesellschaft</subfield>
   <subfield code="q">SEPA</subfield>
   <subfield code="0">(DE-627)106406256</subfield>
  </datafield>
  <datafield tag="936" ind1="b" ind2="k">
   <subfield code="a">20.14</subfield>
   <subfield code="j">Kunsthandel</subfield>
   <subfield code="q">SEPA</subfield>
   <subfield code="0">(DE-627)106406302</subfield>
  </datafield>
  <datafield tag="951" ind1=" " ind2=" ">
   <subfield code="a">BO</subfield>
  </datafield>
  <datafield tag="990" ind1=" " ind2=" ">
   <subfield code="a">Kunst</subfield>
  </datafield>
  <datafield tag="990" ind1=" " ind2=" ">
   <subfield code="a">Kunstmarkt</subfield>
  </datafield>
  <datafield tag="990" ind1=" " ind2=" ">
   <subfield code="a">Globalisierung</subfield>
  </datafield>
  <datafield tag="990" ind1=" " ind2=" ">
   <subfield code="a">Geschichte 1980-2022</subfield>
  </datafield>
  <datafield tag="991" ind1=" " ind2=" ">
   <subfield code="a">Rezensiertes Werk</subfield>
  </datafield>
  <datafield tag="999" ind1=" " ind2=" ">
   <subfield code="a">KXP-PPN1818996804</subfield>
   <subfield code="e">439927820X</subfield>
  </datafield>
 </record>
</collection>
